[Event "DVM U12 2022"]
[Site "München GER"]
[Date "2022.12.28"]
[Round "4"]
[White "Geschke, Jonathan"]
[Black "Rokhmanova, Vitalina"]
[Result "1-0"]
[Termination "normal"]
[Board "9.3"]
[WhiteElo "1151"]
[BlackElo "1312"]
[WhiteClock "00:17:05"]
[BlackClock "00:18:42"]
[WhiteTeam "TTC Grün-Weiß Fritzdorf 1958"]
[BlackTeam "SV Dresden-Striesen 1990"]
[PlyCount "193"]
[WhiteFideId "34636129"]
[BlackFideId "34640533"]
[EventCountry "GER"]
[EventRounds "7"]
[EventType "team-swiss"]
[EventDate "2022.12.26"]

1. e4 {[%clk 01:30:55]} {[%emt 00:00:04]} e5 {[%clk 01:30:57]} {[%emt
00:00:04]} 2. Nf3 {[%clk 01:31:11]} {[%emt 00:00:13]} Nc6 {[%clk 01:31:22]}
{[%emt 00:00:07]} 3. Bc4 {[%clk 01:31:19]} {[%emt 00:00:21]} h6 {[%clk
01:31:31]} {[%emt 00:00:21]} 4. Nc3 {[%clk 01:30:38]} {[%emt 00:01:12]} Nf6
{[%clk 01:31:44]} {[%emt 00:00:16]} 5. O-O {[%clk 01:30:20]} {[%emt 00:00:48]}
Bc5 {[%clk 01:31:30]} {[%emt 00:00:43]} 6. d3 {[%clk 01:30:14]} {[%emt
00:00:36]} O-O {[%clk 01:30:26]} {[%emt 00:01:35]} 7. h3 {[%clk 01:30:26]}
{[%emt 00:00:17]} Re8 {[%clk 01:28:14]} {[%emt 00:02:41]} 8. Bd2 {[%clk
01:29:19]} {[%emt 00:01:38]} d6 {[%clk 01:23:01]} {[%emt 00:05:43]} 9. Re1
{[%clk 01:29:12]} {[%emt 00:00:39]} a6 {[%clk 01:22:02]} {[%emt 00:01:28]} 10.
a4 {[%clk 01:29:11]} {[%emt 00:00:31]} a5 {[%clk 01:19:05]} {[%emt 00:03:26]}
11. Qe2 {[%clk 01:29:13]} {[%emt 00:00:28]} Nb4 {[%clk 01:17:25]} {[%emt
00:02:11]} 12. Bb3 {[%clk 01:26:25]} {[%emt 00:03:18]} Be6 {[%clk 01:16:32]}
{[%emt 00:01:23]} 13. Bxe6 {[%clk 01:26:01]} {[%emt 00:00:55]} Rxe6 {[%clk
01:16:45]} {[%emt 00:00:17]} 14. Rac1 {[%clk 01:26:11]} {[%emt 00:00:19]} Nc6
{[%clk 01:07:13]} {[%emt 00:10:02]} 15. Nb5 {[%clk 01:25:58]} {[%emt 00:00:44]}
Qd7 {[%clk 01:00:25]} {[%emt 00:07:17]} 16. Rcd1 {[%clk 01:20:17]} {[%emt
00:06:11]} Na7 {[%clk 00:56:45]} {[%emt 00:04:10]} 17. Nc3 {[%clk 01:16:05]}
{[%emt 00:04:42]} Qe7 {[%clk 00:50:33]} {[%emt 00:06:42]} 18. Nh4 {[%clk
01:13:31]} {[%emt 00:03:04]} Ne8 {[%clk 00:30:42]} {[%emt 00:20:20]} 19. Nf5
{[%clk 01:06:02]} {[%emt 00:08:00]} Qd7 {[%clk 00:23:44]} {[%emt 00:07:24]} 20.
Ra1 {[%clk 01:00:32]} {[%emt 00:06:03]} c6 {[%clk 00:21:59]} {[%emt 00:02:15]}
21. Qg4 {[%clk 00:58:07]} {[%emt 00:02:57]} Kf8 {[%clk 00:14:51]} {[%emt
00:07:37]} 22. Be3 {[%clk 00:56:47]} {[%emt 00:01:50]} Bxe3 {[%clk 00:14:52]}
{[%emt 00:00:29]} 23. Rxe3 {[%clk 00:55:15]} {[%emt 00:02:02]} Qd8 {[%clk
00:14:51]} {[%emt 00:00:28]} 24. Rg3 {[%clk 00:53:45]} {[%emt 00:02:01]} Qf6
{[%clk 00:14:44]} {[%emt 00:00:38]} 25. Re1 {[%clk 00:52:42]} {[%emt 00:01:34]}
Qg6 {[%clk 00:13:14]} {[%emt 00:01:59]} 26. Qf3 {[%clk 00:49:48]} {[%emt
00:03:25]} Qf6 {[%clk 00:13:29]} {[%emt 00:00:13]} 27. Re3 {[%clk 00:48:16]}
{[%emt 00:02:03]} Rc8 {[%clk 00:12:21]} {[%emt 00:01:37]} 28. Qg4 {[%clk
00:47:10]} {[%emt 00:01:35]} Qg6 {[%clk 00:11:37]} {[%emt 00:01:16]} 29. Kh2
{[%clk 00:45:05]} {[%emt 00:02:35]} Qxg4 {[%clk 00:11:55]} {[%emt 00:00:13]}
30. Rxg4 {[%clk 00:43:59]} {[%emt 00:01:35]} b5 {[%clk 00:12:07]} {[%emt
00:00:18]} 31. axb5 {[%clk 00:42:54]} {[%emt 00:01:35]} Nxb5 {[%clk 00:12:30]}
{[%emt 00:00:07]} 32. Nxb5 {[%clk 00:43:19]} {[%emt 00:00:06]} cxb5 {[%clk
00:12:49]} {[%emt 00:00:11]} 33. c3 {[%clk 00:43:27]} {[%emt 00:00:21]} b4
{[%clk 00:12:43]} {[%emt 00:00:35]} 34. cxb4 {[%clk 00:41:38]} {[%emt
00:02:20]} axb4 {[%clk 00:13:07]} {[%emt 00:00:06]} 35. d4 {[%clk 00:41:17]}
{[%emt 00:00:51]} exd4 {[%clk 00:13:03]} {[%emt 00:00:34]} 36. Nxd4 {[%clk
00:41:16]} {[%emt 00:00:30]} Re7 {[%clk 00:12:39]} {[%emt 00:00:53]} 37. Rb3
{[%clk 00:40:11]} {[%emt 00:01:38]} Rc4 {[%clk 00:12:04]} {[%emt 00:01:02]} 38.
Rd3 {[%clk 00:38:06]} {[%emt 00:02:33]} Ra7 {[%clk 00:11:42]} {[%emt 00:00:55]}
39. Rgg3 {[%clk 00:36:15]} {[%emt 00:02:21]} Ra2 {[%clk 00:11:21]} {[%emt
00:00:48]} 40. Rd2 {[%clk 00:36:15]} {[%emt 00:00:33]} g6 {[%clk 00:10:47]}
{[%emt 00:00:59]} 41. Rb3 {[%clk 00:34:15]} {[%emt 00:02:35]} Ra6 {[%clk
00:10:25]} {[%emt 00:00:49]} 42. Nc2 {[%clk 00:32:49]} {[%emt 00:01:58]} Ra4
{[%clk 00:10:13]} {[%emt 00:00:43]} 43. f3 {[%clk 00:32:55]} {[%emt 00:00:25]}
Ke7 {[%clk 00:10:22]} {[%emt 00:00:21]} 44. Kg3 {[%clk 00:32:20]} {[%emt
00:01:04]} Kf6 {[%clk 00:10:42]} {[%emt 00:00:10]} 45. Kf4 {[%clk 00:31:48]}
{[%emt 00:01:02]} g5 {[%clk 00:10:45]} {[%emt 00:00:27]} 46. Ke3 {[%clk
00:31:17]} {[%emt 00:01:01]} Ke5 {[%clk 00:09:26]} {[%emt 00:01:48]} 47. g3
{[%clk 00:30:03]} {[%emt 00:01:46]} Nc7 {[%clk 00:08:54]} {[%emt 00:01:00]} 48.
Kd3 {[%clk 00:29:41]} {[%emt 00:00:53]} Rc6 {[%clk 00:08:11]} {[%emt 00:01:13]}
49. Rxb4 {[%clk 00:29:41]} {[%emt 00:00:31]} Rxb4 {[%clk 00:08:29]} {[%emt
00:00:12]} 50. Nxb4 {[%clk 00:29:44]} {[%emt 00:00:27]} Rb6 {[%clk 00:08:46]}
{[%emt 00:00:14]} 51. Kc4 {[%clk 00:28:23]} {[%emt 00:01:52]} f5 {[%clk
00:08:52]} {[%emt 00:01:34]} 52. Nd5 {[%clk 00:27:33]} {[%emt 00:01:09]} Rb7
{[%clk 00:08:30]} {[%emt 00:00:52]} 53. Re2 {[%clk 00:24:19]} {[%emt 00:03:43]}
fxe4 {[%clk 00:07:44]} {[%emt 00:01:16]} 54. Rxe4 {[%clk 00:23:51]} {[%emt
00:00:58]} Kf5 {[%clk 00:07:47]} {[%emt 00:00:27]} 55. g4 {[%clk 00:23:48]}
{[%emt 00:00:33]} Kg6 {[%clk 00:08:07]} {[%emt 00:00:10]} 56. Nxc7 {[%clk
00:23:38]} {[%emt 00:00:41]} Rxc7 {[%clk 00:08:31]} {[%emt 00:00:06]} 57. Kb3
{[%clk 00:20:30]} {[%emt 00:03:38]} Rd7 {[%clk 00:08:35]} {[%emt 00:00:25]} 58.
Kc2 {[%clk 00:20:23]} {[%emt 00:00:37]} d5 {[%clk 00:08:53]} {[%emt 00:00:11]}
59. Rd4 {[%clk 00:20:17]} {[%emt 00:00:37]} Kf6 {[%clk 00:09:12]} {[%emt
00:00:11]} 60. f4 {[%clk 00:19:14]} {[%emt 00:01:33]} gxf4 {[%clk 00:09:29]}
{[%emt 00:00:13]} 61. Rxf4 {[%clk 00:19:31]} {[%emt 00:00:13]} Ke5 {[%clk
00:09:45]} {[%emt 00:00:14]} 62. Rf5 {[%clk 00:19:36]} {[%emt 00:00:25]} Ke4
{[%clk 00:09:52]} {[%emt 00:00:23]} 63. Rh5 {[%clk 00:19:37]} {[%emt 00:00:28]}
Rd6 {[%clk 00:10:02]} {[%emt 00:00:20]} 64. Rf5 {[%clk 00:19:21]} {[%emt
00:00:46]} d4 {[%clk 00:10:12]} {[%emt 00:00:21]} 65. Rf1 {[%clk 00:18:19]}
{[%emt 00:01:31]} d3 {[%clk 00:10:12]} {[%emt 00:00:32]} 66. Kd2 {[%clk
00:17:10]} {[%emt 00:01:37]} Rc6 {[%clk 00:10:26]} {[%emt 00:00:15]} 67. Rc1
{[%clk 00:17:14]} {[%emt 00:00:28]} Rd6 {[%clk 00:10:05]} {[%emt 00:00:52]} 68.
Re1 {[%clk 00:15:43]} {[%emt 00:02:00]} Kd4 {[%clk 00:10:11]} {[%emt 00:00:23]}
69. Re3 {[%clk 00:14:39]} {[%emt 00:01:34]} Kc4 {[%clk 00:10:20]} {[%emt
00:00:21]} 70. b3 {[%clk 00:14:30]} {[%emt 00:00:40]} Kxb3 {[%clk 00:10:15]}
{[%emt 00:00:34]} 71. Rxd3 {[%clk 00:14:43]} {[%emt 00:00:16]} Rxd3 {[%clk
00:10:36]} {[%emt 00:00:10]} 72. Kxd3 {[%clk 00:15:03]} {[%emt 00:00:10]} Kb4
{[%clk 00:11:04]} {[%emt 00:00:02]} 73. Ke4 {[%clk 00:15:18]} {[%emt 00:00:15]}
Kc5 {[%clk 00:11:26]} {[%emt 00:00:08]} 74. Kf5 {[%clk 00:15:06]} {[%emt
00:00:42]} Kd6 {[%clk 00:11:48]} {[%emt 00:00:08]} 75. Kg6 {[%clk 00:15:00]}
{[%emt 00:00:36]} Ke7 {[%clk 00:11:58]} {[%emt 00:00:20]} 76. Kxh6 {[%clk
00:14:51]} {[%emt 00:00:39]} Kf7 {[%clk 00:12:13]} {[%emt 00:00:15]} 77. Kh7
{[%clk 00:14:56]} {[%emt 00:00:25]} Kf6 {[%clk 00:12:31]} {[%emt 00:00:11]} 78.
h4 {[%clk 00:14:55]} {[%emt 00:00:31]} Kf7 {[%clk 00:12:52]} {[%emt 00:00:10]}
79. g5 {[%clk 00:15:11]} {[%emt 00:00:14]} Kf8 {[%clk 00:13:10]} {[%emt
00:00:12]} 80. g6 {[%clk 00:15:29]} {[%emt 00:00:11]} Ke7 {[%clk 00:13:29]}
{[%emt 00:00:11]} 81. g7 {[%clk 00:15:49]} {[%emt 00:00:10]} Kf7 {[%clk
00:13:51]} {[%emt 00:00:09]} 82. g8=Q {[%emt 00:00:12]} Kf6 {[%emt 00:00:06]}
83. Qg6 {[%clk 00:15:47]} {[%emt 00:00:12]} Ke5 {[%clk 00:14:04]} {[%emt
00:00:18]} 84. Qf7 {[%clk 00:15:49]} {[%emt 00:00:28]} Kd6 {[%clk 00:14:26]}
{[%emt 00:00:08]} 85. Qe8 {[%clk 00:15:44]} {[%emt 00:00:35]} Kc7 {[%clk
00:14:44]} {[%emt 00:00:13]} 86. Kg6 {[%clk 00:15:40]} {[%emt 00:00:33]} Kd6
{[%clk 00:15:04]} {[%emt 00:00:10]} 87. Kf5 {[%clk 00:15:41]} {[%emt 00:00:30]}
Kd5 {[%clk 00:15:24]} {[%emt 00:00:10]} 88. Qd8 {[%clk 00:15:43]} {[%emt
00:00:28]} Kc4 {[%clk 00:15:46]} {[%emt 00:00:08]} 89. Ke4 {[%clk 00:15:53]}
{[%emt 00:00:18]} Kc3 {[%clk 00:16:06]} {[%emt 00:00:13]} 90. Qd3 {[%clk
00:15:59]} {[%emt 00:00:24]} Kb4 {[%clk 00:16:28]} {[%emt 00:00:09]} 91. Qc2
{[%clk 00:16:07]} {[%emt 00:00:21]} Kb5 {[%clk 00:16:53]} {[%emt 00:00:05]} 92.
Kd5 {[%clk 00:16:14]} {[%emt 00:00:22]} Kb4 {[%clk 00:17:14]} {[%emt 00:00:09]}
93. Qc4 {[%clk 00:16:31]} {[%emt 00:00:13]} Ka3 {[%clk 00:17:37]} {[%emt
00:00:07]} 94. Qb5 {[%clk 00:16:27]} {[%emt 00:00:35]} Ka2 {[%clk 00:18:01]}
{[%emt 00:00:06]} 95. Kc4 {[%clk 00:16:44]} {[%emt 00:00:13]} Ka3 {[%clk
00:18:21]} {[%emt 00:00:10]} 96. Kc3 {[%clk 00:17:05]} {[%emt 00:00:08]} Ka2
{[%clk 00:18:42]} {[%emt 00:00:10]} 97. Qb2# {[%emt 00:00:14]} 1-0

[Event "DVM U12 2022"]
[Site "München GER"]
[Date "2022.12.28"]
[Round "4"]
[White "Borchers, Julius"]
[Black "Mende, Magnus"]
[Result "1-0"]
[Termination "normal"]
[Board "9.4"]
[WhiteElo "1003"]
[BlackElo "915"]
[WhiteClock "01:12:08"]
[BlackClock "01:00:53"]
[WhiteTeam "SV Dresden-Striesen 1990"]
[BlackTeam "TTC Grün-Weiß Fritzdorf 1958"]
[PlyCount "97"]
[WhiteFideId "34640410"]
[BlackFideId "34617124"]
[EventCountry "GER"]
[EventRounds "7"]
[EventType "team-swiss"]
[EventDate "2022.12.26"]

1. e4 {[%clk 01:30:59]} e5 {[%clk 01:30:48]} {[%emt 00:00:12]} 2. Nf3 {[%clk
01:31:24]} {[%emt 00:00:05]} Nc6 {[%clk 01:30:40]} {[%emt 00:00:38]} 3. Bc4
{[%clk 01:31:43]} {[%emt 00:00:12]} Nf6 {[%clk 01:30:23]} {[%emt 00:00:46]} 4.
c3 {[%clk 01:30:17]} {[%emt 00:01:56]} d6 {[%clk 01:28:33]} {[%emt 00:02:20]}
5. d4 {[%clk 01:30:22]} {[%emt 00:00:26]} Be7 {[%clk 01:27:12]} {[%emt
00:01:50]} 6. Nbd2 {[%clk 01:29:17]} {[%emt 00:01:35]} Bg4 {[%clk 01:26:55]}
{[%emt 00:00:47]} 7. d5 {[%clk 01:28:50]} {[%emt 00:00:58]} Na5 {[%clk
01:26:44]} {[%emt 00:00:41]} 8. Qa4 {[%clk 01:28:59]} {[%emt 00:00:21]} Bd7
{[%clk 01:26:25]} {[%emt 00:00:48]} 9. Qxa5 {[%clk 01:28:22]} {[%emt 00:01:08]}
b6 {[%clk 01:26:39]} {[%emt 00:00:16]} 10. Qa3 {[%clk 01:26:41]} {[%emt
00:02:12]} c6 {[%clk 01:25:48]} {[%emt 00:01:20]} 11. O-O {[%clk 01:22:41]}
{[%emt 00:04:30]} Bc8 {[%clk 01:25:43]} {[%emt 00:00:35]} 12. Qb3 {[%clk
01:21:47]} {[%emt 00:01:24]} Bb7 {[%clk 01:24:49]} {[%emt 00:01:24]} 13. Re1
{[%clk 01:20:46]} {[%emt 00:01:31]} O-O {[%clk 01:25:06]} {[%emt 00:00:14]} 14.
Nf1 {[%clk 01:20:22]} {[%emt 00:00:53]} b5 {[%clk 01:24:35]} {[%emt 00:01:00]}
15. Bg5 {[%clk 01:19:41]} {[%emt 00:01:12]} bxc4 {[%emt 00:00:43]} 16. Qxb7
{[%emt 00:00:12]} cxd5 {[%clk 01:23:23]} {[%emt 00:00:46]} 17. exd5 {[%clk
01:19:16]} {[%emt 00:00:56]} a5 {[%clk 01:20:40]} {[%emt 00:03:14]} 18. Ng3
{[%clk 01:17:24]} {[%emt 00:02:22]} Rb8 {[%clk 01:18:47]} {[%emt 00:02:22]} 19.
Qa7 {[%clk 01:17:01]} {[%emt 00:00:54]} Qb6 {[%clk 01:18:43]} {[%emt 00:00:32]}
20. Qxe7 {[%clk 01:16:19]} {[%emt 00:01:12]} Rfe8 {[%clk 01:17:41]} {[%emt
00:01:32]} 21. Qxe8 {[%clk 01:15:13]} {[%emt 00:01:38]} Rxe8 {[%emt 00:00:13]}
22. Bxf6 {[%emt 00:00:56]} gxf6 {[%clk 01:16:50]} {[%emt 00:00:11]} 23. Nh5
{[%clk 01:15:18]} {[%emt 00:02:47]} Rc8 {[%clk 01:14:35]} {[%emt 00:02:34]} 24.
Nxf6 {[%clk 01:16:43]} {[%emt 00:01:05]} Kg7 {[%clk 01:13:37]} {[%emt
00:01:26]} 25. Ne4 {[%clk 01:16:18]} {[%emt 00:00:57]} f6 {[%clk 01:10:37]}
{[%emt 00:03:30]} 26. Nh4 {[%clk 01:15:22]} {[%emt 00:01:27]} Rd8 {[%clk
01:10:14]} {[%emt 00:00:52]} 27. Re3 {[%clk 01:14:53]} {[%emt 00:00:58]} Qxb2
{[%clk 01:07:36]} {[%emt 00:03:10]} 28. Ree1 {[%clk 01:13:52]} {[%emt
00:01:29]} Qb6 {[%clk 01:05:19]} {[%emt 00:02:47]} 29. Rab1 {[%clk 01:13:40]}
{[%emt 00:00:43]} Qa6 {[%clk 01:05:00]} {[%emt 00:00:49]} 30. Re3 {[%clk
01:13:05]} {[%emt 00:01:06]} Qc8 {[%clk 01:04:26]} {[%emt 00:01:02]} 31. Rf3
{[%clk 01:12:28]} {[%emt 00:01:09]} Qa8 {[%clk 01:03:37]} {[%emt 00:00:58]} 32.
Nf5 {[%clk 01:11:45]} {[%emt 00:01:34]} Kf8 {[%clk 01:03:00]} {[%emt 00:01:05]}
33. Nxf6 {[%clk 01:11:30]} {[%emt 00:00:46]} Rb8 {[%clk 01:02:28]} {[%emt
00:01:02]} 34. Nd7 {[%clk 01:11:46]} {[%emt 00:00:14]} Kf7 {[%clk 01:01:15]}
{[%emt 00:01:40]} 35. Rxb8 {[%clk 01:10:12]} {[%emt 00:02:07]} Qxd5 {[%clk
01:01:21]} {[%emt 00:00:24]} 36. Ne3 {[%clk 01:10:20]} {[%emt 00:00:23]} Ke6
{[%clk 01:01:10]} {[%emt 00:00:38]} 37. Nxd5 {[%clk 01:10:20]} {[%emt
00:00:33]} Kxd5 {[%clk 01:01:18]} {[%emt 00:00:21]} 38. Nf6 {[%clk 01:10:32]}
{[%emt 00:00:19]} Kc5 {[%clk 01:01:21]} {[%emt 00:00:25]} 39. Nxh7 {[%clk
01:10:42]} {[%emt 00:00:21]} a4 {[%clk 01:01:35]} {[%emt 00:00:17]} 40. h4
{[%clk 01:10:58]} {[%emt 00:00:14]} a3 {[%clk 01:01:26]} {[%emt 00:00:38]} 41.
Rff8 {[%clk 01:11:22]} {[%emt 00:00:07]} Kd5 {[%clk 01:01:37]} {[%emt
00:00:17]} 42. Nf6 {[%clk 01:11:25]} {[%emt 00:00:29]} Ke6 {[%clk 01:01:30]}
{[%emt 00:00:36]} 43. Ng8 {[%clk 01:11:28]} {[%emt 00:00:28]} Kd5 {[%clk
01:01:47]} {[%emt 00:00:13]} 44. f3 {[%clk 01:11:28]} {[%emt 00:00:30]} Ke6
{[%clk 01:01:58]} {[%emt 00:00:18]} 45. h5 {[%clk 01:11:24]} {[%emt 00:00:35]}
Kd5 {[%clk 01:02:13]} {[%emt 00:00:14]} 46. Rfe8 {[%clk 01:11:45]} {[%emt
00:00:09]} Kc6 {[%emt 00:00:32]} 47. h6 {[%emt 00:00:28]} Kd5 {[%emt 00:00:16]}
48. Rbc8 {[%emt 00:00:18]} e4 {[%clk 01:00:53]} {[%emt 00:00:16]} 49. Nf6#
{[%clk 01:12:08]} {[%emt 00:00:06]} 1-0

[Event "DVM U12 2022"]
[Site "München GER"]
[Date "2022.12.28"]
[Round "4"]
[White "Kulkovets, Roman"]
[Black "Madel, Luca"]
[Result "0-1"]
[Termination "normal"]
[Board "10.1"]
[WhiteElo "1509"]
[BlackElo "1104"]
[WhiteTeam "Heilbronner SV"]
[BlackTeam "Barnimer Schachfreunde im SV Stahl Finow"]
[PlyCount "100"]
[WhiteFideId "34119272"]
[BlackFideId "16296516"]
[EventCountry "GER"]
[EventRounds "7"]
[EventType "team-swiss"]
[EventDate "2022.12.26"]

1. e4 c5 2. Nc3 e6 3. d4 cxd4 4. Qxd4 a6 5. f4 Qc7 6. Nf3 b5 7. g3 Bb7 8. Bg2
Nf6 9. Be3 Be7 10. O-O-O d6 11. Rhg1 Nbd7 12. e5 dxe5 13. Nxe5 Bc5 14. Qd3 Bxe3
15. Qxe3 Nxe5 16. fxe5 Nd7 17. Bxb7 Qxb7 18. Ne4 O-O 19. Rgf1 Qc7 20. Rxd7 Qxd7
21. Qg5 Kh8 22. Nf6 Qc6 23. Nh5 Rg8 24. Rd1 Rac8 25. c3 b4 26. Rd3 bxc3 27.
Rxc3 Qh1 28. Kc2 Qxh2 29. Kc1 Qg1 30. Kc2 Qf2 31. Kc1 Qf1 32. Kc2 Qf5 33. Qxf5
exf5 34. Nf4 Rxc3 35. Kxc3 Re8 36. Kd4 Rd8 37. Nd5 g5 38. Kc4 h5 39. Ne3 f4 40.
gxf4 gxf4 41. Nf1 f3 42. b4 Rd1 43. Ne3 f2 44. a4 Re1 45. Nd5 f1=Q 46. Kc5 Rc1
47. Kb6 Qc4 48. Nf6 Qxb4 49. Ka7 Rc7 50. Ka8 Qb7# 0-1

[Event "DVM U12 2022"]
[Site "München GER"]
[Date "2022.12.28"]
[Round "4"]
[White "Spielvogel, Oliver"]
[Black "Wolff, Calvin"]
[Result "0-1"]
[Termination "normal"]
[Board "10.2"]
[WhiteElo "1312"]
[BlackElo "1429"]
[WhiteTeam "Barnimer Schachfreunde im SV Stahl Finow"]
[BlackTeam "Heilbronner SV"]
[PlyCount "28"]
[WhiteFideId "16296494"]
[BlackFideId "16269969"]
[EventCountry "GER"]
[EventRounds "7"]
[EventType "team-swiss"]
[EventDate "2022.12.26"]

1. d4 Nf6 2. Nf3 g6 3. e3 Bg7 4. Bd3 d5 5. c3 O-O 6. Nbd2 b6 7. O-O c5 8. Ne5
Qc7 9. f4 Nc6 10. dxc5 Nxe5 11. fxe5 Ng4 12. Nb3 Qxe5 13. Re1 Qxh2 14. Kf1 Qh1
0-1

[Event "DVM U12 2022"]
[Site "München GER"]
[Date "2022.12.28"]
[Round "4"]
[White "Arndt, Niklas"]
[Black "Splitt, Albert"]
[Result "1-0"]
[Termination "normal"]
[Board "10.3"]
[WhiteElo "1171"]
[BlackElo "1067"]
[WhiteTeam "Heilbronner SV"]
[BlackTeam "Barnimer Schachfreunde im SV Stahl Finow"]
[PlyCount "129"]
[WhiteFideId "34640380"]
[BlackFideId "34602879"]
[EventCountry "GER"]
[EventRounds "7"]
[EventType "team-swiss"]
[EventDate "2022.12.26"]

1. e4 e5 2. Nf3 Nc6 3. Bc4 Bc5 4. Nc3 d6 5. h3 Bd7 6. d3 h6 7. O-O Nf6 8. Bd2
Qe7 9. Nd5 Nxd5 10. Bxd5 O-O-O 11. Bc3 g5 12. d4 exd4 13. Nxd4 Ne5 14. Re1 Rdg8
15. Nf5 Qf6 16. Nd4 g4 17. hxg4 Nxg4 18. Nf3 Bxf2 19. Kf1 Bxe1 20. Bxf6 Ne3 21.
Kxe1 Nxd1 22. Bxh8 Rxh8 23. Rxd1 f5 24. exf5 Bxf5 25. Nd4 Re8 26. Kd2 Bg4 27.
Re1 Rf8 28. c3 Rf2 29. Kc1 Bh5 30. Bf3 Bg6 31. Bg4 Kd8 32. Ne6 Ke7 33. Nf4 Kf7
34. Nxg6 Kxg6 35. Bf3 Kg5 36. Re7 Rf1 37. Kd2 Rf2 38. Re2 Rf1 39. Re7 Rf2 40.
Kc1 Rf1 41. Kc2 Rf2 42. Kb3 c5 43. Rxb7 a5 44. Rd7 Rd2 45. Ka3 Kf5 46. b4 Rd3
47. bxc5 Rxc3 48. Ka4 dxc5 49. Kxa5 Ra3 50. Kb5 Rc3 51. Rd5 Ke6 52. Rxc5 Ra3
53. Rc6 Ke5 54. Rxh6 Rxa2 55. g4 Kf4 56. Rf6 Kg3 57. Kc5 Rf2 58. Kd5 Rxf3 59.
Rxf3 Kxf3 60. g5 Kf4 61. g6 Kf5 62. g7 Kf6 63. g8=Q Ke7 64. Qg7 Kd8 65. Kd6 1-0

[Event "DVM U12 2022"]
[Site "München GER"]
[Date "2022.12.28"]
[Round "4"]
[White "Wünsche, Jonathan"]
[Black "Tselepidis, Konstantinos"]
[Result "1-0"]
[Termination "normal"]
[Board "10.4"]
[WhiteElo "1068"]
[BlackElo "1015"]
[WhiteTeam "Barnimer Schachfreunde im SV Stahl Finow"]
[BlackTeam "Heilbronner SV"]
[PlyCount "59"]
[WhiteFideId "34602836"]
[BlackFideId "34630619"]
[EventCountry "GER"]
[EventRounds "7"]
[EventType "team-swiss"]
[EventDate "2022.12.26"]

1. e4 e5 2. Nf3 Nc6 3. Bc4 Bc5 4. Nc3 Nf6 5. d3 h6 6. Be3 Bxe3 7. fxe3 O-O 8.
Qd2 d6 9. h3 Be6 10. Bxe6 fxe6 11. d4 exd4 12. exd4 Re8 13. O-O-O e5 14. dxe5
Nxe5 15. Nxe5 dxe5 16. Qe2 Qe7 17. Nd5 Nxd5 18. Rxd5 c6 19. Rd2 Qe6 20. Kb1 a5
21. g4 a4 22. a3 b5 23. b4 axb3 24. cxb3 Qxb3 25. Rb2 Qxa3 26. Rf1 Qxh3 27. Ra2
Rxa2 28. Qxa2 Kh8 29. Qf7 Qb3 30. Qxb3 1-0